The Sensible sound

Detalles Bibliográficos
Formato: Desconocido
Lenguaje:inglés
Publicado: Snyder, N.Y.: Sensible Sound, Inc.
Materias:
Acceso en línea:Acceso restringido

MARC

LEADER 00000ny a22000003n 4500
003 OCoLC
005 20110511121415.0
008 800122c19uu9999nyuqr p 0 a0eng d
010 |a sn 80008941 
022 0 |a 0199-4654 
035 |a 2923  
040 |a NSD  |c NSD  |d vLex 
090 |c 1645  |d 1645 
245 3 4 |a The Sensible sound  |h [Recurso electrn̤ico] 
256 |a Servicio en ln̕ea 
260 |a Snyder, N.Y.:  |b Sensible Sound, Inc. 
310 |a Trimestral 
506 1 |a Contenido solo disponible en los productos indicados  |d vLex Global  |d vLex Global (Academic Edition, excluding Law Schools)  |d vLex Global (Academic Edition, Law Schools) 
650 0 4 |a Discos  |x Industria  |x Publicaciones perid̤icas 
740 0 |a vLex Revista (Servicios en ln̕ea) 
843 |a Electrn̤ica. Cerrada 
853 |8 1  |i (year)  |j (month)  |k (day) 
856 4 0 |z Acceso restringido  |u http://vlex.com/account/login_ip?fuente_id=2923  
942 |c REV